000
00329nam a2200121 a 4500
001
4144
005
20140414131951.0
008
090317s19uu xx 00 eng d
050
_a
TR 372.62
_b
C89 2005
100
_a
Culham, Ruth
245
_a
6 + 1 traits of writing :
_b
the complete guide for the primary grades.
999
_c
112782
_d
112782